| 000 | 00000nam 2200000zi 4500 |
| 001 | 9.915505 |
| 003 | CaOODSP |
| 005 | 20250108115047 |
| 006 | m o d f |
| 007 | cr |n||||||||| |
| 008 | 220916e202412 onca ob f000 0 fre d |
| 020 | |a9780660455259 |
| 040 | |aCaOODSP|bfre|erda|cCaOODSP |
| 043 | |an-cn--- |
| 086 | 1 |aH129-134/2024F-PDF |
| 245 | 00|aOrientation provisoire : |bl'évaluation d'impact sur la santé de projets désignés en vertu de la Loi sur l'évaluation d'impact. |
| 264 | 1|aOttawa (Ontario) : |bSanté Canada = Health Canada, |cdécembre 2024. |
| 264 | 4|c©2024 |
| 300 | |a1 ressource en ligne (iv, 62 pages) : |billustrations |
| 336 | |atexte|btxt|2rdacontent/fre |
| 337 | |ainformatique|bc|2rdamedia/fre |
| 338 | |aressource en ligne|bcr|2rdacarrier/fre |
| 500 | |aPublié aussi en anglais sous le titre : Interim guidance: health impact assessment of designated projects under the Impact Assessment Act. |
| 500 | |a« Pub. : 240080. » |
| 504 | |aComprend des références bibliographiques. |
| 650 | 6|aEnvironnement|xÉtudes d'impact|zCanada. |
| 650 | 6|aRisques pour la santé|xÉvaluation|zCanada. |
| 710 | 1 |aCanada. |bSanté Canada, |eorganisme de publication. |
| 775 | 08|tInterim guidance : |w(CaOODSP)9.915504 |
| 856 | 40|qPDF|s2.37 Mo|uhttps://publications.gc.ca/collections/collection_2025/sc-hc/H129-134-2024-fra.pdf |